000 00464nam a22001937a 4500
003 MPLRDC
005 20220104143923.0
008 210129b ||||| |||| 00| 0 eng d
020 _a957-741-090-1
082 _a490.8 XNQ
100 _a项南强编著
245 _a商戢三十六
_c
250 _a初版
260 _a
_b先见出版公司
_c1994
300 _b
490 _a成功致富系列. 38
650 _a商学总论
942 _cBK
_o490.8 XNQ
999 _c44649
_d44639